000 00480nam a22001697a 4500
020 _a9789348573155
082 _aM080 007
_bMUS/E
100 _aMuse Mary George
245 _aEratta navulla manthravadhini madhavikutty padanangal/
_cby Muse Mary George
250 _a2nd.
260 _aThiruvananthapuram:
_bChintha Publishers,
_c2025.
300 _a120p.
650 _aLiterature Madhavikutty Study
650 _aLiterature Malayalam
650 _aLiterature
942 _cBK
999 _c182063
_d182063